| Tag |
First Indicator |
Second Indicator |
Subfields |
| LEADER |
00000cam a2200000 a 4500 |
| 001 |
in00001403336 |
| 005 |
20151020055457.0 |
| 008 |
961106s1997 nyu b 000 0 eng |
| 010 |
|
|
|a 96037492
|
| 020 |
|
|
|a 0820428604 (alk. paper)
|
| 035 |
|
|
|a (OCoLC)35911893
|
| 035 |
|
|
|9 AHN4571AM
|
| 040 |
|
|
|a DLC
|c DLC
|d TXA
|d UtOrBLW
|
| 041 |
1 |
|
|a eng
|a fro
|h fro
|
| 049 |
|
|
|a TXAM
|
| 050 |
0 |
0 |
|a PQ1411.A33
|b E5 1997
|
| 082 |
0 |
0 |
|a 842/.1
|2 21
|
| 090 |
|
|
|a PQ1411.A33
|b E513 1997
|
| 100 |
0 |
|
|a Adam,
|c de La Halle,
|d approximately 1235-approximately 1288.
|
| 240 |
1 |
0 |
|a Jeu de la feuillée.
|l English
|
| 245 |
1 |
4 |
|a The play of madness /
|c Adam d'Arras ; Guy Mermier, translator.
|
| 264 |
|
1 |
|a New York :
|b P. Lang,
|c [1997]
|
| 264 |
|
4 |
|c ©1997
|
| 300 |
|
|
|a xxix, 127 pages ;
|c 24 cm.
|
| 336 |
|
|
|a text
|b txt
|2 rdacontent
|
| 337 |
|
|
|a unmediated
|b n
|2 rdamedia
|
| 338 |
|
|
|a volume
|b nc
|2 rdacarrier
|
| 490 |
1 |
|
|a Studies in the humanities,
|x 0742-6712 ;
|v vol. 22
|
| 546 |
|
|
|a English and Old French.
|
| 504 |
|
|
|a Includes bibliographical references.
|
| 700 |
1 |
|
|a Mermier, Guy R.
|
| 830 |
|
0 |
|a Studies in the humanities (New York, N.Y.) ;
|v vol. 22.
|
| 948 |
|
|
|a c:cer
|
| 999 |
|
|
|a MARS
|
| 999 |
f |
f |
|s eb55c212-bb71-34f4-aeb4-2b1397695d87
|i dcc48f88-7698-3816-9b92-272f28d74f86
|t 0
|
| 952 |
f |
f |
|p normal
|a Texas A&M University
|b College Station
|c Sterling C. Evans Library
|s Evans stk
|d Evans: Library Stacks
|t 0
|e PQ1411.A33 E513 1997
|h Library of Congress classification
|i unmediated -- volume
|m A14826597836
|
| 998 |
f |
f |
|a PQ1411.A33 E513 1997
|t 0
|l Evans: Library Stacks
|